Managerial accounting / (Record no. 18993)
[ view plain ]
| 000 -LEADER | |
|---|---|
| fixed length control field | 00844nam a22002657a 4500 |
| 005 - DATE AND TIME OF LATEST TRANSACTION | |
| control field | 20201128021218.0 |
| 008 - FIXED-LENGTH DATA ELEMENTS--GENERAL INFORMATION | |
| fixed length control field | 150217t2014 xxua frbd 001 0 eng d |
| 020 ## - INTERNATIONAL STANDARD BOOK NUMBER | |
| International Standard Book Number | 9780077162757 |
| 020 ## - INTERNATIONAL STANDARD BOOK NUMBER | |
| International Standard Book Number | 0077162757 |
| 040 ## - CATALOGING SOURCE | |
| Original cataloging agency | EG-ScBUE |
| 082 00 - DEWEY DECIMAL CLASSIFICATION NUMBER | |
| Edition number | 22 |
| Classification number | 658.1511 |
| Item number | MAN |
| 245 00 - TITLE STATEMENT | |
| Title | Managerial accounting / |
| Statement of responsibility, etc | Ray H. Garrison ... [et al.] |
| 250 ## - EDITION STATEMENT | |
| Edition statement | 2nd ed., |
| Remainder of edition statement | Middle East ed. |
| 260 ## - PUBLICATION, DISTRIBUTION, ETC. (IMPRINT) | |
| Place of publication, distribution, etc | New York, United States : |
| Name of publisher, distributor, etc | McGraw-Hill Education, |
| Date of publication, distribution, etc | c.2014. |
| 300 ## - PHYSICAL DESCRIPTION | |
| Extent | xxxvi, 770 p. : |
| Other physical details | ill. (col.) ; |
| Dimensions | 28 cm. |
| 500 ## - GENERAL NOTE | |
| General note | Includes appendixes. |
| 500 ## - GENERAL NOTE | |
| General note | Includes glossary. |
| 500 ## - GENERAL NOTE | |
| General note | Index : p. 755-770. |
| 504 ## - BIBLIOGRAPHY, ETC. NOTE | |
| Bibliography, etc | Includes bibliographical references. |
| 650 #0 - SUBJECT ADDED ENTRY--TOPICAL TERM | |
| 9 (RLIN) | 1343 |
| Topical term or geographic name as entry element | Managerial accounting |
| 653 ## - INDEX TERM--UNCONTROLLED | |
| Resource For college | BAEPS, Business Administration |
| Arrived date list | February2015 |
| 655 ## - INDEX TERM--GENRE/FORM | |
| Form subdivision | |
| -- | 33728 |
| 700 1# - ADDED ENTRY--PERSONAL NAME | |
| Personal name | Garrison, Ray H. |
| 9 (RLIN) | 12225 |
| 942 ## - ADDED ENTRY ELEMENTS (KOHA) | |
| Source of classification or shelving scheme | Dewey Decimal Classification |
| Call number prefix | 658.1511 MAN |
| Withdrawn status | Item status | Source of classification or shelving scheme | Damaged status | Not for loan | Vendor | Home library | Current library | Shelving location | Date acquired | Source of acquisition | Cost, normal purchase price | Total Checkouts | Full call number | Barcode | Date last seen | Cost, replacement price | Koha item type | Total Renewals | Date last borrowed | Public note |
|---|---|---|---|---|---|---|---|---|---|---|---|---|---|---|---|---|---|---|---|---|
| Dewey Decimal Classification | Baccah | Central Library | Central Library | First floor | 17/02/2015 | 270.00 | 658.1511 MAN | 000030404 | 15/07/2025 | 338.00 | NB - Book (Non borrowing) | |||||||||
| Dewey Decimal Classification | Baccah | Central Library | Central Library | First floor | 17/02/2015 | 270.00 | 3 | 658.1511 MAN | 000030406 | 15/07/2025 | 338.00 | Book - Borrowing | 17 | 17/02/2016 | ||||||
| Dewey Decimal Classification | Baccah | Central Library | Central Library | First floor | 17/02/2015 | 270.00 | 6 | 658.1511 MAN | 000030401 | 15/07/2025 | 338.00 | Book - Borrowing | 10 | 06/04/2019 | ||||||
| Dewey Decimal Classification | Baccah | Central Library | Central Library | First floor | 17/02/2015 | 270.00 | 1 | 658.1511 MAN | 000037427 | 15/07/2025 | 338.00 | Book - Borrowing | 15 | 25/02/2015 | ||||||
| Dewey Decimal Classification | Baccah | Central Library | Central Library | First floor | 17/02/2015 | 270.00 | 3 | 658.1511 MAN | 000030400 | 15/07/2025 | 338.00 | Book - Borrowing | 7 | 18/03/2019 | ||||||
| Dewey Decimal Classification | Baccah | Central Library | Central Library | First floor | 17/02/2015 | 270.00 | 1 | 658.1511 MAN | 000030399 | 15/07/2025 | 338.00 | Book - Borrowing | 2 | 14/03/2016 | ||||||
| Dewey Decimal Classification | Baccah | Central Library | Central Library | First floor | 17/02/2015 | 270.00 | 3 | 658.1511 MAN | 000030402 | 15/07/2025 | 338.00 | Book - Borrowing | 10 | 14/05/2016 | ||||||
| Dewey Decimal Classification | Baccah | Central Library | Central Library | First floor | 17/02/2015 | 270.00 | 4 | 658.1511 MAN | 000037431 | 15/07/2025 | 338.00 | Book - Borrowing | 28 | 03/05/2018 | ||||||
| Dewey Decimal Classification | Baccah | Central Library | Central Library | First floor | 17/02/2015 | Purchase | 650.00 | 3 | 658.1511 MAN | 000056399 | 15/07/2025 | 812.50 | Book - Borrowing | 17 | 27/12/2016 | Replace with 000030405 | ||||
| Dewey Decimal Classification | Baccah | Central Library | Central Library | First floor | 17/02/2015 | 270.00 | 3 | 658.1511 MAN | 000030403 | 15/07/2025 | 338.00 | Book - Borrowing | 29 | 31/07/2016 |